| 000 | 00425nam a22001697a 4500 | ||
|---|---|---|---|
| 003 | OSt | ||
| 005 | 20211129160432.0 | ||
| 008 | 211129b |||||||| |||| 00| 0 eng d | ||
| 020 | _a978-81-312-2991-0 | ||
| 040 |
_aDDC _cHU |
||
| 082 |
_212TH _a616.07572 _b4 |
||
| 100 |
_aEUGENE D. FRANK _920999 |
||
| 245 | _aPOCKET GUIDE TO RADIOGRAPHY | ||
| 250 | _a12TH | ||
| 260 |
_aST.LOUIS _bELSEVIER LTD _c2012 |
||
| 942 |
_2ddc _cBOOKS _n0 |
||
| 999 |
_c20623 _d20623 |
||